Franchise by Pez Dispenser Set Quiz Stats

 Plays Quiz Updated Sep 14, 2015

Challenge
Share
Tweet
Score 0/20 Timer 04:00
3 Plays Today
% Correct
Harry Potter
98.7%
Scooby-Doo
98.6%
Snow White and the Seven Dwarfs
98.5%
Batman
98.2%
Cars
98.1%
Star Wars
97.8%
Star Trek
97.6%
Peanuts
97.5%
The Wizard of Oz
97.4%
Tom & Jerry
96.1%
% Correct
Angry Birds
96%
Disney Princesses
95.3%
Hello Kitty
95.1%
Barbie
95%
Kiss
94.9%
Frozen
94.5%
Elvis
93.8%
Thomas & Friends
93.4%
Lord of the Rings
93.3%
U.S. Presidents
91.9%

You're not logged in!

Compare scores with friends on all Sporcle quizzes.
OR
Log In

You Might Also Like...

Show Comments

Extras

Top Quizzes Today


Score Distribution

Your Account Isn't Verified!

In order to create a playlist on Sporcle, you need to verify the email address you used during registration. Go to your Sporcle Settings to finish the process.

Report this User

Report this user for behavior that violates our Community Guidelines.

Details: